Statistiken für Südamerikanische Hauptstädte - Karten-Quiz

Klicken Sie hier um das Quiz zu spielen!

Allgemein

  • Dieses Quiz wurde 465 mal gespielt
  • Das Durchschnittsergebnis liegt bei 10 aus 13

Antwortstatistiken

Answer % Korrekt
Brasília
97%
Buenos Aires
93%
Bogotá
90%
Lima
89%
Santiago
89%
Caracas
83%
Montevideo
82%
Quito
81%
Georgetown
74%
Asunción
67%
Sucre
66%
La Paz
63%
Paramaribo
53%

Verteilung der Resultate

Perzentil nach korrekt beantworteten Fragen

Anzahl Personen mit jedem Resultat

Ihre Resultats-Entwicklung

Sie haben dieses Quiz noch nicht gespielt